| 000 | 00563nam a2200169Ia 4500 | ||
|---|---|---|---|
| 008 | 090711s9999 xx 000 0 und d | ||
| 082 | _b60712 | ||
| 100 | _aगाला ध. रा. | ||
| 245 | _aस्थूलतेतून स्फूर्तीकडे | ||
| 260 | _c1988 | ||
| 300 | _a175 | ||
| 600 | _aगाला ध. रा. | ||
| 630 | _aस्थूलतेतून स्फूर्तीकडे | ||
| 700 | _aगाला ध. रा. | ||
| 730 | _aस्थूलतेतून स्फूर्तीकडे | ||
| 942 | _cBOOK | ||
| 999 |
_c309230 _d309230 |
||